000 00640cam a22002053a 4500
001 45507
003 PGUSA
005 20140828084043.0
008 140427s2014||||xxu|||||s|||||000 | eng d
040 _aPGUSA
_beng
042 _adc
100 1 _aPatchin, Frank Gee,
_d1861-1925
245 1 4 _aThe Pony Rider Boys in Louisiana ;
_bor, Following the Game Trails in the Canebrake
_h[electronic resource] /
_cFrank Gee Patchin
260 _bProject Gutenberg,
_c2014
506 _aPublic domain in the USA.
516 _aElectronic text
830 0 _aProject Gutenberg
_v45507
856 4 0 _uhttp://www.gutenberg.org/ebooks/45507
942 _cEB
999 _c274758
_d274758